Профилактика зависимого поведения в подростковой и юношеской среде (Запись № 11027235)

Подробности
000 -МАРКЕР
контрольное поле 01862nam0a2200325 i 4500
001 - ИДЕНТИФИКАТОР ЗАПИСИ
контрольное поле RU\NLR\BIBL_A\011312179
005 - ИДЕНТИФИКАТОР ВЕРСИИ
контрольное поле 20240921204225.0
010 ## - МЕЖДУНАРОДНЫЙ СТАНДАРТНЫЙ НОМЕР КНИГИ (ISBN)
Номер (ISBN) 9785984922890
Тираж 100
021 ## - НОМЕР ГОСУДАРСТВЕННОЙ РЕГИСТРАЦИИ
Код страны Российская Федерация
Номер 2016-97226
Номер Листа государственной регистраци 6448
035 ## - ДРУГИЕ СИСТЕМНЫЕ НОМЕРА
Идентификатор записи (NLR Aleph) 011312179
100 ## - ДАННЫЕ ОБЩЕЙ ОБРАБОТКИ
Данные общей обработки 20170119d2016 k y0rusy50 ca
101 0# - ЯЗЫК РЕСУРСА
Язык текста, звукозаписи и т.д. русский
102 ## - СТРАНА ПУБЛИКАЦИИ ИЛИ ПРОИЗВОДСТВА
Страна публикации Российская Федерация
105 ## - ПОЛЕ КОДИРОВАННЫХ ДАННЫХ: ТЕКСТОВЫЕ МАТЕРИАЛЫ, МОНОГРАФИЧЕСКИЕ
Кодированные данные о монографическом текстовом документе a z 000zy
200 1# - ЗАГЛАВИЕ И СВЕДЕНИЯ ОБ ОТВЕТСТВЕННОСТИ
Основное заглавие Профилактика зависимого поведения в подростковой и юношеской среде
Сведения, относящиеся к заглавию учебно-методическое пособие
Первые сведения об ответственности М-во образования Моск. обл., ГОУ ВО МО "Гос. социально-гуманитар. ун-т", Социально-психол. фак.
Последующие сведения об ответственности [Е.Н. Белоус и др.]
210 ## - ПУБЛИКАЦИЯ, РАСПРОСТРАНЕНИЕ И ДР.
Место издания, распространения и т.д. Коломна
Имя издателя, распространителя и т. д. Государственный социально-гуманитарный университет
Дата издания, распространения и т.д. 2016
215 ## - ФИЗИЧЕСКАЯ ХАРАКТЕРИСТИКА
Специфическое обозначение материала и объем 131 с.
Другие сведения о физической характеристике ил.
Размеры 20
606 1# - НАИМЕНОВАНИЕ ТЕМЫ КАК ПРЕДМЕТ
Наименование темы Учащиеся
Формальный подзаголовок Учебно-методические пособия
Тематический подзаголовок Отклоняющееся поведение
-- Педагогическая коррекция
Системный номер авторитетной/нормативной записи 2563954
Идентификатор авторитетной/нормативной записи RU\NLR\AUTH\661516542
606 1# - НАИМЕНОВАНИЕ ТЕМЫ КАК ПРЕДМЕТ
Наименование темы Подростки
Формальный подзаголовок Учебно-методические пособия
Тематический подзаголовок Аддиктивное поведение
-- Профилактика
Системный номер авторитетной/нормативной записи 2161206
Идентификатор авторитетной/нормативной записи RU\NLR\AUTH\661300653
686 1# - ИНДЕКСЫ ДРУГИХ КЛАССИФИКАЦИЙ
Индекс Ч313.334я7
686 1# - ИНДЕКСЫ ДРУГИХ КЛАССИФИКАЦИЙ
Индекс Ю983.62я7
686 1# - ИНДЕКСЫ ДРУГИХ КЛАССИФИКАЦИЙ
Индекс С550.325.2я7
702 #1 - ИМЯ ЛИЦА - ВТОРИЧНАЯ ОТВЕТСТВЕННОСТЬ
Начальный элемент ввода Белоус
Часть имени, кроме начального элемента ввода Е. Н.
Расширение инициалов личного имени Елена Николаевна
Код отношения Составитель
712 02 - НАИМЕНОВАНИЕ ОРГАНИЗАЦИИ - ВТОРИЧНАЯ ОТВЕТСТВЕННОСТЬ
Код отношения Прочие
Начальный элемент ввода Государственный социально-гуманитарный университет
Структурное подразделение Социально-психологический факультет
Идентифицирующий признак Коломна
Системный номер авторитетной/нормативной записи 545521
Идентификатор авторитетной/нормативной записи RU\NLR\AUTH\880440680
942 ## - ДОПОЛНИТЕЛЬНЫЕ ЭЛЕМЕНТЫ ЗАПИСИ (АБИС)
Тип экземпляра АБИС Книга
980 ## - КОЛЛЕКЦИЯ
Название коллекции НБР

Нет доступных экземпляров.